000 00841nam a2200241 a 4500
001 BRL_1961
005 20190320211443.0
008 211216s1986----mx-ao#####---#000-0#spa-#
041 _aspa
050 4 _bO46 1986
100 1 _aOlmedo Vera, Bertina
_928321
245 1 0 _aPresencia del estilo mezcala en el templo mayor
_buna clasificación de piezas antropomorfas.
260 _aMéxico, D.F.
_c1986
300 _a282 p.
_bil., fotografías
_c24 cm.
500 _aAu589
502 _aTesis Licenciatura (Licenciatura en Arqueología) ENAH, INAH, SEP
610 2 4 _aTemplo Mayor (México: Ciudad)
_928322
650 1 4 _aFiguras antropomorfas - simbolismo
_yPreclásico tardía
_928323
650 1 4 _aExcavaciones (Arqueología)- Mezcala
_928324
700 1 _aGonzalez, Carlos Javier
_eCoautor
_928325
902 _aTERL
942 _2lcc
_cTES
999 _c10768
_d10768